000 02126nam a2200289 i 4500
001 18393
003 DO-SdUEMH
005 20260224210321.0
007 ta
008 260221s2012 sp a|||gr|||| 001 0 spa d
020 _a9788495626615 (obra completa)
020 _a9788495626622 (volumen 1)
020 _a9788495626639 (volumen 2)
040 _aDO-SdUEMH
_bspa
_erda
041 _aspa
082 _mCG
_bM385e
245 _aEnfermería en atención primaria /
_cJosé Ramón Martínez Riera, Rafael Del Pino Casado ; colaboradores: Josep Amílcar Albert Sabater, Francisca Anaya Cintas, Begoña Beviá Febrer, Amparo Casado Lollano, Luis Cibanal Juan [y otros 19] ; ilustración: David Menéndez González
264 1 _aMadrid, España :
_bDifusión Avances de Enfermería,
_c2012
300 _a 2 Volúmenes :
_bilustraciones ;
_c27 cm.
336 _2rdacontent
_atexto
_btxt
337 _2rdamedia
_asin mediación
_bn
338 _2rdacarrier
_avolumen
_bnc
490 0 _aCuidado avanzados
504 _aBibliografía en páginas 503-505. Contiene índice analítico.
505 2 _aVolumen 1: Sistema sanitario español y estado de bienestar -- Atención Primaria de salud en España -- Enfermería en salud pública y Enfermería Comunitaria -- Evolución de la enfermería comunitaria -- Situación Actual en España -- El proceso de Atención de Enfermería -- Entrevista Enfermería-Usuario Base de los Cuidados --Intervención Familiar -- La educación para la salud (Eps): Metodología, Aplicación y Uso -- La Organización de los cuidados en Enfermería Comunitaria -- La Toma de Decisiones en Enfermería Comunitaria -- Producto Enfermero en Atención Primaria -- Mejora de la Calidad en enfermería Comunitaria -- Competencias en el marco de la atención Primaria de Salud -- La Historia de Salud Registro de Actividad y Sistemas de información en atención en Atención primaria -- Consulta de Enfermería: aparición, evolución y perspectivas -- Atención Grupal -- Actividades Comunes. Técnica y Cuidados -- Atención Domiciliaria vc Actividad a Domicilio Volumen 2:
942 _2ddc
_cBK
_n0
999 _c18393
_d18393